| 000 | 00521nam a22001817a 4500 | ||
|---|---|---|---|
| 005 | 20251108174832.0 | ||
| 008 | 250721s2007 xx 000 0 ara d | ||
| 020 | _a977436063x | ||
| 082 | 1 | 4 | _a613.7/عاد |
| 100 | 1 | _aعادل، أيمن محمد | |
| 245 | 1 | 0 | _aاليوجا: الصحة والشباب الدائم / |
| 264 | 1 |
_aالجيزة : _bمكتبةالنافذة، _c2007. |
|
| 300 | _a173ص. | ||
| 650 | 1 | 7 | _aاليوجا |
| 650 | 1 | 7 | _aاليوجا البدنية |
| 942 |
_2ddc _cBK |
||
| 999 |
_c119329 _d119329 |
||